[Event "Sachsen-Anhalt-ch op"]
[Site "Magdeburg"]
[Date "2021.10.30"]
[Round "6"]
[White "Ogrisek, Gerd"]
[Black "Rabenstein, Jonathan"]
[Result "0-1"]
[WhiteElo "1671"]
[BlackElo "1119"]
[PlyCount "50"]
[EventDate "2021.10.28"]
[EventType "swiss"]
[EventRounds "7"]
[EventCountry "GER"]
[SourceTitle "CBM 205 Extra"]
[Source "ChessBase"]
[SourceDate "2022.01.31"]
[SourceVersion "1"]
[SourceVersionDate "2022.01.31"]
[SourceQuality "1"]

1. e4 e5 2. Nf3 Nc6 3. Bb5 Nf6 4. d3 d6 5. 0-0 Bg4 6. h3 Bh5 7. Nc3 Be7 8. Nd5 0-0 9. Bxc6 bxc6 10. Nxe7+ Qxe7 11. c4 Rab8 12. b3 h6 13. g4 Bg6 14. Nh4 Nh7 15. Nxg6 fxg6 16. f4 Qf6 17. fxe5 Qxe5 18. Bd2 Qg3+ 19. Kh1 Qxh3+ 20. Kg1 Qxd3 21. g5 Rxf1+ 22. Qxf1 Qxd2 23. gxh6 Rf8 24. Qe1 Qg5+ 25. Kh1 Rf4 0-1